[Event "FRA-ch U16"]
[Site "Montbeliard"]
[Date "2014.04.24"]
[Round "6"]
[White "Flick, Antoine"]
[Black "Delpierre, Elie"]
[Result "1-0"]
[WhiteElo "2045"]
[BlackElo "1877"]
[PlyCount "119"]
[EventDate "2014.04.20"]
[EventType "swiss"]
[EventRounds "9"]
[EventCountry "FRA"]
[SourceTitle "CBM 160 Extra"]
[Source "ChessBase"]
[SourceDate "2014.07.01"]
[SourceVersion "1"]
[SourceVersionDate "2014.07.01"]
[SourceQuality "1"]

1. d4 Nf6 2. Nf3 e6 3. c4 d5 4. g3 Nc6 5. Bg2 dxc4 6. Qa4 Bb4+ 7. Bd2 Nd5 8. Bxb4 Ndxb4 9. 0-0 0-0 10. Na3 a6 11. Ne5 Nxe5 12. Qxb4 Qxd4 13. Rad1 Qg4 14. Qc3 Qh5 15. Nxc4 Ng4 16. h3 Nf6 17. Qe5 Qxe5 18. Nxe5 Re8 19. Rd3 Nd5 20. e4 Nb6 21. Rc1 f6 22. Nf3 Re7 23. Nd2 e5 24. Nb3 Na4 25. Rd8+ Kf7 26. Rc2 b6 27. Bf1 Bb7 28. Rxa8 Bxa8 29. Bxa6 c6 30. Be2 Rd7 31. Kf1 Ke7 32. Ke1 Bb7 33. h4 Rd8 34. f3 Ke8 35. Kf2 Ke7 36. Ke3 Kf8 37. f4 Re8 38. f5 Rd8 39. g4 h6 40. Bd3 Ke7 41. Rg2 Rh8 42. a3 Kd6 43. Bc4 Ke7 44. Rh2 Kd6 45. Rd2+ Kc7 46. Rc2 Kb8 47. Nc1 Rd8 48. b3 Nc5 49. b4 Nd7 50. Nb3 Ka7 51. Rc1 Kb8 52. Rd1 Kc7 53. a4 Nb8 54. Rg1 Na6 55. b5 cxb5 56. Bxb5 Nb4 57. Rc1+ Kb8 58. Be2 Bc6 59. Rc4 Bb7 60. Rc1 1-0

[Event "FRA-ch U14"]
[Site "Montlucon"]
[Date "2011.04.19"]
[Round "4"]
[White "Hyjazi, Theo"]
[Black "Delpierre, Elie"]
[Result "1-0"]
[WhiteElo "1717"]
[BlackElo "1781"]
[PlyCount "89"]
[EventDate "2011.04.17"]
[EventType "swiss"]
[EventRounds "9"]
[EventCountry "FRA"]
[SourceTitle "CBM 142 Extra"]
[Source "ChessBase"]
[SourceDate "2011.06.27"]
[SourceVersion "1"]
[SourceVersionDate "2011.06.27"]
[SourceQuality "1"]

1. b3 d5 2. Bb2 Bf5 3. Nf3 c5 4. e3 Nc6 5. Bb5 e6 6. 0-0 Nf6 7. Bxc6+ bxc6 8. d3 Bd6 9. c4 0-0 10. h3 Rb8 11. Nc3 Qd7 12. Rc1 e5 13. e4 dxe4 14. Nxe4 Rfe8 15. Re1 Bxe4 16. dxe4 Rbd8 17. Qe2 Nh5 18. Rcd1 Nf4 19. Qf1 Qc8 20. Bc1 Re6 21. Bxf4 exf4 22. Rd3 Be5 23. Nxe5 Rxe5 24. Red1 Rde8 25. f3 f5 26. exf5 Qxf5 27. Rd8 Qe6 28. Qd3 Re1+ 29. Kh2 Qg6 30. Rxe8+ Rxe8 31. Qxg6 hxg6 32. Rd7 a5 33. Ra7 Re5 34. Rxa5 Kf8 35. Ra8+ Ke7 36. Ra7+ Kf8 37. a4 Re8 38. Rb7 g5 39. Rb6 Rc8 40. a5 Ra8 41. a6 Ke7 42. Rxc6 Kd7 43. Rg6 Kc8 44. Rxg7 Rxa6 45. Rxg5 1-0

[Event "FRA-ch U12"]
[Site "Troyes"]
[Date "2010.04.18"]
[Round "9"]
[White "Delpierre, Elie"]
[Black "Rodriguez, Adrien"]
[Result "0-1"]
[WhiteElo "1685"]
[BlackElo "1797"]
[PlyCount "48"]
[EventDate "2010.04.11"]
[EventType "swiss"]
[EventRounds "9"]
[EventCountry "FRA"]
[SourceTitle "EXT 2012"]
[Source "ChessBase"]
[SourceDate "2011.11.24"]
[SourceVersion "1"]
[SourceVersionDate "2011.11.24"]
[SourceQuality "1"]

1. d4 Nf6 2. c4 c5 3. Nf3 e6 4. Nc3 d5 5. dxc5 Bxc5 6. cxd5 exd5 7. Bg5 d4 8. Ne4 Nxe4 9. Bxd8 Bb4+ 10. Nd2 Bxd2+ 11. Qxd2 Nxd2 12. Bg5 Ne4 13. Rc1 0-0 14. Bf4 Nc6 15. g3 Bf5 16. g4 Bg6 17. h4 h6 18. g5 hxg5 19. hxg5 f6 20. gxf6 Rxf6 21. e3 Re8 22. Bc4+ Bf7 23. Bxf7+ Kxf7 24. Kf1 dxe3 0-1

[Event "FRA-ch U12"]
[Site "Troyes"]
[Date "2010.04.16"]
[Round "7"]
[White "Delpierre, Elie"]
[Black "Duval, Thomas"]
[Result "0-1"]
[WhiteElo "1685"]
[BlackElo "1810"]
[PlyCount "158"]
[EventDate "2010.04.11"]
[EventType "swiss"]
[EventRounds "9"]
[EventCountry "FRA"]
[SourceTitle "EXT 2012"]
[Source "ChessBase"]
[SourceDate "2011.11.24"]
[SourceVersion "1"]
[SourceVersionDate "2011.11.24"]
[SourceQuality "1"]

1. d4 Nf6 2. c4 e6 3. Nf3 Bb4+ 4. Nc3 d6 5. Bg5 0-0 6. e3 h6 7. Bh4 Nc6 8. Bd3 Qe7 9. 0-0 Bxc3 10. bxc3 e5 11. Nd2 g5 12. Bg3 Na5 13. Qc2 b6 14. h4 Re8 15. hxg5 hxg5 16. f3 Nh5 17. Bf2 g4 18. fxg4 Bxg4 19. Bf5 Be2 20. Rfe1 Bxc4 21. Nxc4 Nxc4 22. Qe4 Qg5 23. Bh4 Qg7 24. Bd7 Rf8 25. Qf3 Qg6 26. Be7 Nd2 27. Qg4 Qxg4 28. Bxg4 Rfe8 29. Bh4 Ne4 30. Bxh5 Nxc3 31. Bf3 Rab8 32. Bc6 Re6 33. Bd7 Rh6 34. g3 Kg7 35. Kf2 Nd5 36. Bc6 Nb4 37. Bb5 Nc2 38. Rac1 Nxe1 39. Kxe1 exd4 40. exd4 Re6+ 41. Kd2 c5 42. d5 Re5 43. Bc6 Rg8 44. g4 Re4 45. Bg3 Rd8 46. Bh4 f6 47. Rf1 Rf8 48. Bg3 Rd8 49. Rxf6 Kxf6 50. Bh4+ Ke5 51. Bxd8 Rxg4 52. a4 c4 53. Kc3 Re4 54. Bc7 Rf4 55. Bb8 a6 56. Ba7 b5 57. axb5 axb5 58. Bg1 Rf3+ 59. Kc2 Rh3 60. Bxb5 Kxd5 61. Ba6 Rg3 62. Bb7+ Ke6 63. Bc8+ Ke7 64. Bd4 d5 65. Bc5+ Kf6 66. Ba6 Rg2+ 67. Kc3 Rg3+ 68. Kb4 Rb3+ 69. Ka4 Ke5 70. Ba7 Rb1 71. Bc5 Rb8 72. Ka5 Ke4 73. Bd6 Ra8 74. Kb6 Rxa6+ 75. Kxa6 c3 76. Kb5 d4 77. Kc4 Ke3 78. Ba3 d3 79. Bc5+ Ke2 0-1

[Event "FRA-ch U12"]
[Site "Troyes"]
[Date "2010.04.15"]
[Round "6"]
[White "Grezels, Florian"]
[Black "Delpierre, Elie"]
[Result "1/2-1/2"]
[WhiteElo "1874"]
[BlackElo "1685"]
[PlyCount "80"]
[EventDate "2010.04.11"]
[EventType "swiss"]
[EventRounds "9"]
[EventCountry "FRA"]
[SourceTitle "EXT 2012"]
[Source "ChessBase"]
[SourceDate "2011.11.24"]
[SourceVersion "1"]
[SourceVersionDate "2011.11.24"]
[SourceQuality "1"]

1. e4 e6 2. d4 d5 3. Nc3 Nf6 4. Bg5 Be7 5. e5 Nfd7 6. Bxe7 Qxe7 7. f4 a6 8. Nf3 c5 9. Qd2 Nc6 10. dxc5 Qxc5 11. 0-0-0 b5 12. Bd3 Nb6 13. g4 Nc4 14. Bxc4 bxc4 15. f5 Rb8 16. Rhe1 Qb4 17. b3 Qa3+ 18. Kb1 Na5 19. Nd4 cxb3 20. cxb3 Nc4 21. Qc1 Bd7 22. Qxa3 Nxa3+ 23. Kb2 Nc4+ 24. Ka1 Na3 25. Rc1 0-0 26. Nce2 Nb5 27. Nxb5 Bxb5 28. Nd4 exf5 29. gxf5 Bd3 30. e6 fxe6 31. fxe6 Be4 32. Rc6 Rb4 33. Rd1 Ra8 34. Rd6 Rbb8 35. e7 Re8 36. Nc6 d4 37. R1xd4 Bxc6 38. Rxc6 Rxe7 39. Rd2 a5 40. Rf2 h6 1/2-1/2

[Event "FRA-ch U12"]
[Site "Troyes"]
[Date "2010.04.12"]
[Round "3"]
[White "Delpierre, Elie"]
[Black "Ek, Alexandre"]
[Result "0-1"]
[WhiteElo "1685"]
[BlackElo "1833"]
[PlyCount "42"]
[EventDate "2010.04.11"]
[EventType "swiss"]
[EventRounds "9"]
[EventCountry "FRA"]
[SourceTitle "EXT 2012"]
[Source "ChessBase"]
[SourceDate "2011.11.24"]
[SourceVersion "1"]
[SourceVersionDate "2011.11.24"]
[SourceQuality "1"]

1. d4 Nf6 2. c4 g6 3. Nc3 d5 4. cxd5 Nxd5 5. e4 Nxc3 6. bxc3 c5 7. Nf3 Bg7 8. Be3 0-0 9. Bc4 Nc6 10. 0-0 Bg4 11. e5 Rc8 12. Rc1 Bxf3 13. gxf3 cxd4 14. cxd4 Na5 15. Qe2 Qd7 16. Bb5 Qd5 17. f4 a6 18. Bd3 Nc6 19. Bc4 Nxd4 20. Bxd4 Qxd4 21. Qe3 Rxc4 0-1

[Event "Val Thorens op"]
[Site "Val Thorens"]
[Date "2009.??.??"]
[Round "9"]
[White "Delpierre, Elie"]
[Black "Delpierre, Lin"]
[Result "1-0"]
[WhiteElo "1657"]
[BlackElo "1759"]
[PlyCount "81"]
[EventDate "2009.07.18"]
[EventType "swiss"]
[EventRounds "9"]
[EventCountry "FRA"]
[SourceTitle "CBM 131 Extra"]
[Source "ChessBase"]
[SourceDate "2009.09.03"]
[SourceVersion "2"]
[SourceVersionDate "2009.09.16"]
[SourceQuality "1"]

1. d4 Nf6 2. c4 g6 3. Nc3 Bg7 4. e4 d6 5. f3 b6 6. Be3 Bb7 7. Nge2 0-0 8. Qd2 a5 9. g4 Nc6 10. h4 h5 11. gxh5 gxh5 12. Bh6 Kh7 13. Bxg7 Kxg7 14. Rg1+ Kh7 15. Bh3 Bc8 16. Bxc8 Qxc8 17. Nd5 Rg8 18. Nxf6+ exf6 19. 0-0-0 Qh3 20. Qf4 Rxg1 21. Rxg1 Rg8 22. Rxg8 Kxg8 23. Qxf6 Qf1+ 24. Kd2 Nb4 25. Qg5+ Kf8 26. a3 Nc6 27. Qe3 Qh3 28. Qf2 Qh1 29. Kc2 Ne7 30. Nf4 Ng6 31. Nxg6+ fxg6 32. e5 dxe5 33. dxe5 g5 34. hxg5 h4 35. e6 h3 36. Kd2 Qg2 37. Ke2 Qxf2+ 38. Kxf2 h2 39. Kg2 Ke7 40. Kxh2 Kxe6 41. Kg3 1-0

[Event "Val Thorens op"]
[Site "Val Thorens"]
[Date "2009.??.??"]
[Round "5"]
[White "Delpierre, Elie"]
[Black "Goubet, Alain"]
[Result "1-0"]
[WhiteElo "1657"]
[BlackElo "1811"]
[PlyCount "51"]
[EventDate "2009.07.18"]
[EventType "swiss"]
[EventRounds "9"]
[EventCountry "FRA"]
[SourceTitle "CBM 131 Extra"]
[Source "ChessBase"]
[SourceDate "2009.09.03"]
[SourceVersion "2"]
[SourceVersionDate "2009.09.16"]
[SourceQuality "1"]

1. d4 c6 2. c4 d6 3. Nc3 Qc7 4. Nf3 Nd7 5. e4 e5 6. Be3 Ngf6 7. h3 Be7 8. Bd3 0-0 9. g4 exd4 10. Nxd4 Ne5 11. f4 Nxd3+ 12. Qxd3 Re8 13. Nf5 Bxf5 14. gxf5 Nh5 15. 0-0-0 d5 16. e5 d4 17. Bxd4 Nxf4 18. Qg3 h6 19. f6 Bxf6 20. exf6 g5 21. h4 c5 22. hxg5 h5 23. Rxh5 cxd4 24. Rxd4 Re5 25. Qxf4 Rae8 26. Qh4 1-0

[Event "Val Thorens op"]
[Site "Val Thorens"]
[Date "2009.??.??"]
[Round "7"]
[White "Derbal, Abdel Karim"]
[Black "Delpierre, Elie"]
[Result "1-0"]
[WhiteElo "1705"]
[BlackElo "1657"]
[PlyCount "29"]
[EventDate "2009.07.18"]
[EventType "swiss"]
[EventRounds "9"]
[EventCountry "FRA"]
[SourceTitle "CBM 131 Extra"]
[Source "ChessBase"]
[SourceDate "2009.09.03"]
[SourceVersion "2"]
[SourceVersionDate "2009.09.16"]
[SourceQuality "1"]

1. e4 e6 2. d4 d5 3. exd5 exd5 4. Nc3 Nf6 5. Bg5 c6 6. Nf3 Bd6 7. Be2 0-0 8. 0-0 Qc7 9. Bxf6 gxf6 10. Bd3 Bg4 11. Ne2 Bxf3 12. gxf3 Bxh2+ 13. Kh1 Kh8 14. Qd2 Rg8 15. Qh6 1-0

[Event "Besancon op"]
[Site "Besancon"]
[Date "2008.12.28"]
[Round "2"]
[White "Quagliozzi, Francesco"]
[Black "Delpierre, Elie"]
[Result "0-1"]
[WhiteElo "1540"]
[BlackElo "1660"]
[PlyCount "62"]
[EventDate "2008.12.26"]
[EventType "swiss"]
[EventRounds "7"]
[EventCountry "FRA"]
[SourceTitle "CBM 128 Extra"]
[Source "ChessBase"]
[SourceDate "2009.03.05"]
[SourceVersion "2"]
[SourceVersionDate "2009.03.25"]
[SourceQuality "1"]

1. e4 e6 2. b3 d5 3. e5 c5 4. d3 Nc6 5. Bb2 Nge7 6. g3 Bd7 7. Bg2 Qc7 8. Nf3 Ng6 9. Qe2 Be7 10. Nbd2 0-0 11. a3 Rac8 12. 0-0 b5 13. Rfe1 Rfd8 14. Rac1 Be8 15. h4 Bf8 16. h5 Nge7 17. Nh4 Qb6 18. Ndf3 Nd4 19. Nxd4 cxd4 20. Qg4 Nc6 21. Nf3 h6 22. b4 a5 23. Nxd4 axb4 24. Nxc6 Bxc6 25. axb4 d4 26. c3 dxc3 27. Bxc3 Bxg2 28. Kxg2 Rxd3 29. Re3 Rxe3 30. Bd4 Qb7+ 31. Kh2 Rxc1 0-1

[Event "Val Thorens op 34th"]
[Site "Val Thorens"]
[Date "2008.07.22"]
[Round "4"]
[White "Nockels, Nicolas"]
[Black "Delpierre, Elie"]
[Result "1-0"]
[WhiteElo "1991"]
[BlackElo "1700"]
[PlyCount "71"]
[EventDate "2008.07.19"]
[EventType "swiss"]
[EventRounds "9"]
[EventCountry "FRA"]
[SourceTitle "EXT 2009"]
[Source "ChessBase"]
[SourceDate "2008.11.26"]
[SourceVersion "1"]
[SourceVersionDate "2008.11.26"]
[SourceQuality "1"]

1. e4 e6 2. d4 d5 3. Nc3 Nf6 4. Bg5 Be7 5. e5 Nfd7 6. Bxe7 Qxe7 7. f4 c5 8. Nb5 Nb6 9. Nd6+ Kf8 10. dxc5 Nc6 11. cxb6 axb6 12. Nf3 f6 13. Qd2 f5 14. Bd3 g6 15. Qf2 Nb4 16. Qxb6 Nxd3+ 17. cxd3 Ra6 18. Nxc8 Rxb6 19. Nxe7 Kxe7 20. b3 Rc8 21. Kd2 Rbc6 22. Rhc1 Kd7 23. Rxc6 Rxc6 24. Rc1 Ra6 25. Rc2 Rb6 26. Kc3 Rc6+ 27. Kb2 Rb6 28. a3 h6 29. b4 Ra6 30. Kb3 Ra8 31. b5 b6 32. Rc6 g5 33. Rxb6 gxf4 34. Rb7+ Kc8 35. Rh7 Rb8 36. Rh8+ 1-0

[Event "FRA-ch U10"]
[Site "La Roche sur Yon"]
[Date "2008.04.25"]
[Round "5"]
[White "Marie, Florian"]
[Black "Delpierre, Elie"]
[Result "1-0"]
[WhiteElo "1660"]
[BlackElo "1750"]
[PlyCount "87"]
[EventDate "2008.04.23"]
[EventType "swiss"]
[EventRounds "9"]
[EventCountry "FRA"]
[SourceTitle "EXT 2010"]
[Source "ChessBase"]
[SourceDate "2010.11.25"]
[SourceVersion "1"]
[SourceVersionDate "2010.11.25"]
[SourceQuality "1"]

1. d4 Nf6 2. c4 c5 3. d5 e6 4. Nc3 exd5 5. cxd5 d6 6. e4 g6 7. Nf3 Bg7 8. Nd2 a6 9. a4 b6 10. Be2 0-0 11. 0-0 Re8 12. Bd3 Nbd7 13. f4 Nf8 14. h3 Bd7 15. Re1 Qc7 16. Kh1 h6 17. Kh2 N6h7 18. Qe2 f5 19. Qf1 fxe4 20. Ncxe4 b5 21. axb5 axb5 22. Rxa8 Rxa8 23. Bxb5 Bxb5 24. Qxb5 Rb8 25. Qc6 Qxc6 26. dxc6 Rc8 27. Nxd6 Rxc6 28. N2c4 Nf6 29. Rd1 Kh7 30. g4 N6d7 31. Kg3 Bd4 32. Be3 Ne6 33. Bxd4 Nxd4 34. Ne4 Nb6 35. Nxb6 Rxb6 36. Nxc5 Ne2+ 37. Kf3 Rxb2 38. Rd7+ Kh8 39. Ke3 Ng1 40. h4 Re2+ 41. Kd3 Rh2 42. Ne4 Rxh4 43. Nf6 Nf3 44. Rh7# 1-0

[Event "FRA-ch U10"]
[Site "La Roche sur Yon"]
[Date "2008.04.23"]
[Round "2"]
[White "Delpierre, Elie"]
[Black "Genzling, Jerome"]
[Result "1/2-1/2"]
[WhiteElo "1750"]
[BlackElo "1540"]
[PlyCount "118"]
[EventDate "2008.04.23"]
[EventType "swiss"]
[EventRounds "9"]
[EventCountry "FRA"]
[SourceTitle "EXT 2010"]
[Source "ChessBase"]
[SourceDate "2010.11.25"]
[SourceVersion "1"]
[SourceVersionDate "2010.11.25"]
[SourceQuality "1"]

1. d4 d5 2. c4 e6 3. Nc3 Nf6 4. Nf3 Bb4 5. Bg5 0-0 6. e3 c5 7. Be2 Nbd7 8. 0-0 Nb6 9. cxd5 exd5 10. a3 Bxc3 11. bxc3 cxd4 12. Nxd4 Qd6 13. Bf4 Qc5 14. Nb5 Ne8 15. Qc2 Bd7 16. Nd4 Nf6 17. Bd3 Ne4 18. Bxe4 dxe4 19. Qxe4 Qxc3 20. Qxb7 Qd3 21. Rfd1 Qg6 22. Qf3 Nc4 23. Qg3 Qf6 24. h4 Ba4 25. Rdb1 Nd2 26. Be5 Qg6 27. Qxg6 hxg6 28. Rb4 Bd7 29. Rd1 Ne4 30. Rc1 Rac8 31. Rbc4 Nd2 32. Rxc8 Rxc8 33. Rxc8+ Bxc8 34. Nc6 Bd7 35. Nxa7 Nb1 36. Bd6 Kh7 37. Kf1 Kh6 38. Ke1 Kh5 39. g3 Kg4 40. Ke2 f5 41. f3+ Kh3 42. e4 Kh2 43. exf5 gxf5 44. h5 Be8 45. g4+ f4 46. Bxf4+ Kh3 47. h6 gxh6 48. Bxh6 Nxa3 49. g5 Kh4 50. f4 Nc4 51. Nc8 Kh5 52. Ne7 Nd6 53. Ng8 Bf7 54. Nf6+ Kg6 55. Kd3 Nf5 56. Ng4 Be6 57. Ne5+ Kh5 58. Bf8 Nh4 59. Kd4 Bf5 1/2-1/2